000 00986nam a2200289 a 4500
001 3874529
003 JO-AjAnu
005 20231202133103.0
008 890703s1990 maua b 001 0 eng
010 _a 89080950
020 _a0395433509
040 _aDLC
_cDLC
_dDLC
050 0 0 _aHF5635
_b.N35 1990
082 0 0 _a657
_220
100 1 _aNeedles, Belverd E.
_eAuthor
245 1 0 _aPrinciples of Accounting /
_cBelverd E. Needles, Jr., Henry R. Anderson, James C. Caldwell.
250 _a4th ed.
260 _aBoston :
_bHoughton Mifflin,
_cc1990.
300 _axlv, 1220, [126] p. :
_bill. (some col.) ;
_c26 cm.
504 _aIncludes bibliographical references and index.
650 0 _aAccounting.
700 1 _aAnderson, Henry R.,
_d1939-
_ejoint author
700 1 _aCaldwell, James C.
_ejoint author
906 _a7
_bcbc
_corignew
_d1
_eopcn
_f19
_gy-gencatlg
942 _2lcc
_cBK
_n0
999 _c33231
_d33231